000
00246nam a2200097Ia 4500
001
640746
005
20250826153453.0
008
250824s9999 xx 000 0 und d
245
0
_a
ARTIK GÜLSEM DE GAM YEMEM
_c
ÇİĞDEM CAN
260
_b
GENÇ TİMAŞ
999
_c
640746
_d
640746